000 00890nam a2200253 a 4500
008
020 _a0060470585 (pbk.)
049 _aMAIN
090 _aGF41
_bREA
245 0 0 _aReadings in ecology, energy, and human society :
_bcontemporary perspectives /
_cedited by William R. Burch.
260 _aNew York :
_bHarper & Row,
_cc1977.
300 _a308 p. :
_bill. ;
_c28 cm.
440 0 _aHarper & Row's contemporary perspectives reader series
504 _aIncludes bibliographical references.
650 0 _aHuman ecology
_xAddresses, essays, lectures
650 0 _aEnergy policy
_xAddresses, essays, lectures
650 0 _aNatural resources
_xAddresses, essays, lectures
700 1 _aBurch, William R.
907 _a.b1000922x
_b06-11-12
_c17-04-03
003
005 20230123133121.0
040 _cNUST
942 _cBOOKS
_kGF41
_mREA
999 _c143006
_d143006